00347 a2200109 4500001000700000020000600007040001100013100004900024240008000073245007500153362000900228168509 a  cMagnum aDalben, Angela Imaculada Loureiro de Freitas10aAvaliacao da implementacao do projeto politico-pedagogico escola pluralpor10aAvaliacao da implementacao do projeto politico-pedagogico escola plura0 a1899